000 00649nam a2200277Ia 4500
005 20260324141134.0
008 008 260324s9999 xx 000 0 eng d
020 _a9781315825236
037 _aEBOOK
040 _aCRL
040 _beng
040 _cCRL
041 _2eng
041 _aeng
084 _qCRL
100 _aSteven I Pfeiffer
_91207069
245 0 _aOutcome Assessment in Residential Treatment
260 _bTaylor and Francis
260 _c1997
365 _a
365 _b195
856 _uhttp://www.taylorfrancis.com/books/9781315825236
942 _cEBOOK
999 _c1809844
_d1809844